[Event "AUTO-ELITE-28"]
[Site "http://www.queenalice.com/game.php?id=101348"]
[Date "2006.8.31"]
[Round "2"]
[White "Orso"]
[Black "elvire"]
[Result "0-1"]
[WhiteElo "2214"]
[BlackElo "2216"]

1. d4 Nf6 2. Nf3 c5 3. d5 b5 4. Bg5 Ne4 5. Bh4 Bb7 6. a4 Qa5+ 7. c3 b4 8. c4 d6
9. Nbd2 Nxd2 10. Qxd2 Nd7 11. e3 h6 12. Bd3 O-O-O 13. O-O g5 14. Bg3 e6 15. Rad1
Nf6 16. Bc2 exd5 17. Bf5+ Kb8 18. cxd5 Bxd5 19. Ne5 Qc7 20. Ng4 Be4 21. Nxf6
Bxf5 22. Nd5 Qb7 23. Qc1 Rc8 24. Nf6 Be6 25. e4 Qc6 26. Rd3 c4 27. Rd4 Qxa4 28.
Bxd6+ Bxd6 29. Rxd6 Rhd8 30. Qd2 c3 31. bxc3 bxc3 32. Qd3 Rxd6 33. Qxd6+ Ka8 34.
Qd3 Qb3 35. Nd5 Qb2 36. Qd4 Qd2 37. Qb4 Bxd5 0-1

[Event "AUTO-ELITE-28"]
[Site "http://www.queenalice.com/game.php?id=101349"]
[Date "2006.8.31"]
[Round "2"]
[White "elvire"]
[Black "Orso"]
[Result "1/2-1/2"]
[WhiteElo "2200"]
[BlackElo "2211"]

1. e4 Nf6 2. e5 Nd5 3. d4 d6 4. c4 Nb6 5. exd6 cxd6 6. Nc3 g6 7. Be3 Bg7 8. Rc1
O-O 9. b3 e5 10. dxe5 dxe5 11. Qxd8 Rxd8 12. c5 N6d7 13. Nf3 Nc6 14. Bc4 Na5 15.
Be2 b6 16. b4 Nc6 17. Bc4 Nxb4 18. a3 Na6 19. Ng5 Ndxc5 20. Nxf7 Rf8 21. Ng5+
Kh8 22. f3 h6 23. Nge4 Rd8 24. Ke2 Bf5 25. Rhd1 Bf8 26. h4 Nxe4 27. Nxe4 Nc7 28.
g4 Bxe4 29. fxe4 Bxa3 30. Rxd8+ Rxd8 31. Ra1 b5 32. Rxa3 bxc4 33. Rc3 Kg7 34.
Rxc4 Ne6 35. Bxa7 Ra8 36. Be3 Ra2+ 37. Kf3 1/2-1/2

[Event "Challenge"]
[Site "http://www.queenalice.com/game.php?id=108841"]
[Date "2006.9.22"]
[Round "-"]
[White "zoki74"]
[Black "elvire"]
[Result "1-0"]
[WhiteElo "2292"]
[BlackElo "2205"]

1. d4 Nf6 2. c4 c5 3. d5 e6 4. Nc3 exd5 5. cxd5 d6 6. e4 g6 7. f4 Bg7 8. Bb5+
Nfd7 9. Nf3 a6 10. Bd3 b5 11. O-O O-O 12. a3 Re8 13. Bc2 Nb6 14. e5 N8d7 15. e6
fxe6 16. dxe6 Rxe6 17. f5 gxf5 18. Bxf5 Re8 19. Bg5 Nf6 20. Nh4 Be6 21. Bxh7+
Kxh7 22. Rxf6 Qd7 23. Ne4 Rf8 24. Qh5+ Kg8 25. Rg6 Bg4 26. Rxg7+ Qxg7 27. Qxg4
Qd7 28. Qg3 Qg7 29. Nxd6 Qd4+ 30. Be3+ Qg7 31. Qh3 Qxb2 32. Re1 1-0

[Event "Challenge"]
[Site "http://www.queenalice.com/game.php?id=108983"]
[Date "2006.9.23"]
[Round "-"]
[White "elvire"]
[Black "mario"]
[Result "1-0"]
[WhiteElo "2197"]
[BlackElo "1606"]

1. e4 c5 2. Nf3 Nc6 3. d4 cxd4 4. Nxd4 e5 5. Nb5 Nf6 6. N1c3 Bb4 7. a3 Be7 8.
Nd6+ Kf8 9. Bc4 Nd4 10. Nxf7 Qc7 11. Ba2 Rg8 12. O-O Ne6 13. Ng5 Nxg5 14. Bxg8
Kxg8 15. Bxg5 d6 16. Bxf6 Bxf6 17. Qd5+ Kh8 18. Nb5 Qxc2 19. Nxd6 g6 20. Rac1
Qxb2 21. Rxc8+ Rxc8 22. Nxc8 Qxa3 23. Qf7 Qc5 24. Qxf6+ Kg8 25. Ne7+ 1-0

[Event "Challenge"]
[Site "http://www.queenalice.com/game.php?id=113368"]
[Date "2006.10.5"]
[Round "-"]
[White "mario"]
[Black "elvire"]
[Result "0-1"]
[WhiteElo "1738"]
[BlackElo "2197"]

1. e4 c5 2. Nf3 d6 3. Bc4 Nf6 4. Nc3 e6 5. d4 cxd4 6. Qxd4 Nc6 7. Qd1 Be7 8. a3
Nxe4 9. Nxe4 d5 10. Bxd5 exd5 11. Nc3 d4 12. Ne2 Bf6 13. O-O O-O 14. h3 Re8 15.
Re1 Bf5 16. Nf4 Ne5 17. Nxd4 Qxd4 18. Be3 Qxd1 19. Raxd1 Bxc2 20. Rc1 Nd3 21.
Nxd3 Bxd3 22. Rc7 Be4 23. b4 a6 24. f3 Bc6 25. Kf2 Be5 26. Rxc6 bxc6 27. f4 Bf6
28. Rd1 Rad8 29. Rc1 Rd3 30. Re1 Rdxe3 31. Rxe3 Bd4 0-1

[Event "Challenge"]
[Site "http://www.queenalice.com/game.php?id=114486"]
[Date "2006.10.7"]
[Round "-"]
[White "simer"]
[Black "elvire"]
[Result "0-1"]
[WhiteElo "1438"]
[BlackElo "2198"]

1. e4 c5 2. Nf3 d6 3. d3 Nc6 4. c3 Nf6 5. Be2 g6 6. Bg5 Bg7 7. Qc1 O-O 8. Bh6
Bxh6 9. Qxh6 Qb6 10. b3 Qa5 11. O-O Bg4 12. h3 Bxf3 13. Bxf3 Rfd8 14. Nd2 Qxc3
15. Qe3 Nb4 16. Qg5 Nxd3 17. Nc4 Ne5 18. Nxe5 Qxe5 19. Qxe5 dxe5 20. Rad1 Rac8
21. Rfe1 Rd4 22. Rc1 b6 23. Rcd1 Rcd8 24. Rc1 Rd2 25. a4 R8d3 26. Bd1 Rb2 27.
Re2 Rxd1+ 28. Rxd1 Rxe2 0-1

[Event "Challenge"]
[Site "http://www.queenalice.com/game.php?id=114681"]
[Date "2006.10.8"]
[Round "-"]
[White "nandocassapava"]
[Black "elvire"]
[Result "0-1"]
[WhiteElo "1150"]
[BlackElo "2199"]

1. e4 c5 2. b3 d6 3. Bb2 e5 4. a3 f5 5. Bd3 fxe4 6. Bxe4 Nf6 7. Bd3 Nc6 8. Ne2
d5 9. O-O Bd6 10. c4 e4 11. Bc2 Bxh2+ 0-1

[Event "Challenge"]
[Site "http://www.queenalice.com/game.php?id=115762"]
[Date "2006.10.11"]
[Round "-"]
[White "elvire"]
[Black "vlad"]
[Result "1-0"]
[WhiteElo "2229"]
[BlackElo "2347"]

1. e4 c5 2. Nf3 d6 3. d4 cxd4 4. Nxd4 Nf6 5. Nc3 a6 6. Bg5 e6 7. f4 Nbd7 8. Qf3
Qc7 9. O-O-O b5 10. Bd3 Bb7 11. Rhe1 Be7 12. Qg3 O-O-O 13. Bxf6 Nxf6 14. Qxg7
Rdf8 15. Qg3 b4 16. Na4 Qa5 17. b3 Nh5 18. Qf2 Nxf4 19. Bxa6 Qxa6 20. Qxf4 Rhg8
21. Qf3 Kb8 22. Kb1 Rg5 23. g3 h5 24. c3 Qa5 25. Rc1 Re5 26. Nb2 Qa8 27. cxb4
Bg5 28. Rc4 Bxe4+ 29. Rxe4 Qxe4+ 30. Qxe4 Rxe4 31. Nc6+ Kc7 32. Rxe4 Kxc6 33. a4
d5 34. Re2 h4 35. gxh4 Bxh4 36. b5+ Kb7 37. Nd3 Be7 38. a5 Bd6 39. Rc2 Rg8 40.
Rc6 Rd8 41. h4 e5 42. a6+ Kb8 43. b6 f5 44. b4 f4 45. Nc5 Bxc5 46. bxc5 Rf8 47.
Rc7 f3 48. Rb7+ Kc8 49. Ra7 Kb8 50. c6 1-0

[Event "Au revoir!"]
[Site "http://www.queenalice.com/game.php?id=117316"]
[Date "2006.10.15"]
[Round "-"]
[White "bonfim"]
[Black "elvire"]
[Result "0-1"]
[WhiteElo "1441"]
[BlackElo "2200"]

1. e4 c5 2. Bc4 d6 3. Nc3 e6 4. Nf3 Nf6 5. d4 cxd4 6. Qxd4 Nc6 7. Bb5 Bd7 8.
Bxc6 Bxc6 9. Bg5 Be7 10. O-O O-O 11. e5 dxe5 12. Qxd8 Rfxd8 13. Nxe5 Be8 14.
Bxf6 Bxf6 15. f4 Rac8 16. Rad1 b5 17. a3 a5 18. b3 Rxc3 19. Rxd8 Bxd8 20. Rd1
Bb6+ 21. Kf1 f6 22. Nf3 Rxc2 23. Re1 Rf2+ 24. Kg1 Rxf3+ 25. Kh1 Bc6 26. h3 Rxh3#
0-1

[Event "Challenge"]
[Site "http://www.queenalice.com/game.php?id=118268"]
[Date "2006.10.18"]
[Round "-"]
[White "italoalmeidalh"]
[Black "elvire"]
[Result "0-1"]
[WhiteElo "1190"]
[BlackElo "2215"]

1. c4 c5 2. Qb3 Nc6 3. e3 g6 4. Nf3 Bg7 5. g3 Nf6 6. Bd3 O-O 7. O-O d5 8. Nc3
Na5 9. Qc2 dxc4 10. Be2 Bf5 11. Qa4 a6 12. d4 cxd3 13. Rd1 b5 14. Qh4 b4 15. Na4
Ne4 16. Ng5 Nxg5 17. Qxg5 dxe2 18. Re1 Qd1 19. Bd2 Qxd2 20. Nxc5 Bxb2 21. Rab1
Bxb1 22. Nd7 Qxe1+ 23. Kg2 Qf1+ 24. Kf3 e1=Q 25. Qxe7 Qexf2+ 26. Kg4 Qf3+ 27.
Kg5 Qh5# 0-1

[Event "Au revoir II"]
[Site "http://www.queenalice.com/game.php?id=125238"]
[Date "2006.11.4"]
[Round "-"]
[White "elvire"]
[Black "bonfim"]
[Result "1-0"]
[WhiteElo "2228"]
[BlackElo "1435"]

1. e4 e5 2. Nf3 Qf6 3. Bc4 Bc5 4. Nc3 c6 5. O-O Ne7 6. d4 exd4 7. e5 Qg6 8. Nh4
Qe6 9. Bxe6 dxe6 10. Ne4 Nd7 11. Nxc5 Nxc5 12. Qxd4 b6 13. Bg5 Nf5 14. Qd8# 1-0

[Event "Challenge"]
[Site "http://www.queenalice.com/game.php?id=149363"]
[Date "2007.1.3"]
[Round "-"]
[White "orbz"]
[Black "elvire"]
[Result "0-1"]
[WhiteElo "1765"]
[BlackElo "2247"]

1. e4 e5 2. f4 exf4 3. Nf3 g5 4. Bc4 Bg7 5. O-O h6 6. d4 d6 7. Nc3 Nc6 8. Bb5 a6
9. Bxc6+ bxc6 10. e5 Ne7 11. Re1 O-O 12. h4 Ng6 13. h5 Ne7 14. Qe2 Bg4 15. exd6
Bxd4+ 16. Kh1 Nf5 17. Ne4 cxd6 18. Qc4 d5 19. Qxc6 Bxf3 20. gxf3 dxe4 21. fxe4
g4 22. Bxf4 Qh4+ 23. Kg2 Qh3# 0-1

[Event "New Year's Day Chess"]
[Site "http://www.queenalice.com/game.php?id=152076"]
[Date "2007.1.9"]
[Round "-"]
[White "Russo"]
[Black "elvire"]
[Result "0-1"]
[WhiteElo "1103"]
[BlackElo "2246"]

1. c4 e6 2. Nf3 d5 3. b3 Nf6 4. Ne5 dxc4 5. bxc4 Qd4 6. Na3 Qxa1 7. Qa4+ Bd7 8.
Nxd7 Qxc1+ 9. Qd1 Qxd1+ 10. Kxd1 Bxa3 11. Nxf6+ gxf6 12. g4 Nc6 13. h4 O-O-O 14.
Rh3 Bb4 15. Rf3 Rxd2+ 16. Kc1 Rhd8 17. Rxf6 Rd1+ 18. Kb2 Na5 19. h5 R8d2# 0-1

[Event "Challenge"]
[Site "http://www.queenalice.com/game.php?id=184289"]
[Date "2007.3.18"]
[Round "-"]
[White "elvire"]
[Black "aquinogyn"]
[Result "1-0"]
[WhiteElo "2248"]
[BlackElo "1842"]

1. d4 Nf6 2. c4 g6 3. Nc3 d5 4. cxd5 Nxd5 5. e4 Nxc3 6. bxc3 e6 7. Nf3 Be7 8.
Bh6 c5 9. Bc4 a6 10. O-O b5 11. Bb3 c4 12. Bc2 Bb7 13. Qd2 Nd7 14. a4 Bf8 15.
Rfb1 Bxh6 16. Qxh6 Nf6 17. axb5 Bxe4 18. Bxe4 Nxe4 19. Qe3 Nf6 20. bxa6 O-O 21.
Qe2 Qd5 22. a7 Ne4 23. Qe3 Nd6 24. Ra6 Qf5 25. Nd2 Rfd8 26. Rbb6 Qd5 27. Qf3
Qxf3 28. gxf3 1-0

[Event "Challenge"]
[Site "http://www.queenalice.com/game.php?id=213296"]
[Date "2007.5.19"]
[Round "-"]
[White "aquinogyn"]
[Black "elvire"]
[Result "0-1"]
[WhiteElo "1906"]
[BlackElo "2251"]

1. d4 d5 2. Nf3 Nf6 3. e3 e6 4. c4 Be7 5. Nc3 O-O 6. Be2 b6 7. O-O Bb7 8. b3
Nbd7 9. Bb2 c5 10. cxd5 Nxd5 11. dxc5 Nxc5 12. Rc1 Bf6 13. Qc2 Nb4 14. Qb1 Qe7
15. a3 Nxb3 16. axb4 Nxc1 17. Rxc1 Qxb4 18. Nd1 Rac8 19. Bxf6 Qxb1 20. Rxb1 gxf6
21. Nb2 Rfd8 22. Nd4 e5 23. Nf5 Be4 24. Ne7+ Kf8 25. Nxc8 Bxb1 0-1